| 000 | 00407nam a2200169Ia 4500 | ||
|---|---|---|---|
| 005 | 20251020182613.0 | ||
| 008 | 200515s9999 xx 000 0 und d | ||
| 082 | _aSC/69.05/O73 | ||
| 100 | _aORTEGA GARCIA, Juan E. | ||
| 245 | 0 | _aManual de estructuras de concreto armado | |
| 260 | _aLima | ||
| 260 | _c1984 | ||
| 300 | _a291 | ||
| 650 | _aESTRUCTURAS DE CONCRETO | ||
| 650 | _aMANUALES | ||
| 942 | _cLIB | ||
| 999 |
_c3413 _d3413 |
||